| 000 | 00959cam a2200217 4500 | ||
|---|---|---|---|
| 001 | WB3724-37 | ||
| 008 | 000000n2001 000 0 eng u | ||
| 035 | _a(Sirsi) u113202 | ||
| 245 | _aByers to curb opposition at planning inquiries | ||
| 260 | _c2001 | ||
| 490 |
_aFinancial Times _v18 June 2001, 2 |
||
| 490 |
_aUrban Environment Today _v21 June 2001, 1 |
||
| 490 |
_aPlanning (for the Natural and Built Environment) _v22 June 2001, 1(2) |
||
| 520 | _aTransport and planning secretary, Stephen Byers, has pledged to push forward plans to curb opposition to large infrastructure projects at public inquiries. The move, which will anger environmental groups, is part of Labour's attempts to end lengthy enquiries, and streamline planning procedures. | ||
| 590 | _aWB | ||
| 650 | _aPLANNING INQUIRIES | ||
| 650 | _aGOVERNMENT POLICY | ||
| 650 | _aOPPOSITION | ||
| 690 | _aENVIRONMENTAL AND LAND CONSULTANCY-PLANNING AND DEVELOPMENT | ||
| 942 | _n0 | ||
| 999 |
_c67416 _d67416 |
||